Dc Year Book 1993 (Record no. 47704)

MARC details
000 -LEADER
fixed length control field 00392nam a2200169Ia 4500
003 - CONTROL NUMBER IDENTIFIER
control field OSt
005 - DATE AND TIME OF LATEST TRANSACTION
control field 20230209134056.0
008 - FIXED-LENGTH DATA ELEMENTS--GENERAL INFORMATION
fixed length control field 211109s9999||||xx |||||||||||||| ||und||
040 ## - CATALOGING SOURCE
Transcribing agency SBCL
082 ## - DEWEY DECIMAL CLASSIFICATION NUMBER
Classification number 900
Item number NAY-D
100 ## - MAIN ENTRY--PERSONAL NAME
Personal name Nayar, M S
245 #0 - TITLE STATEMENT
Title Dc Year Book 1993
260 ## - PUBLICATION, DISTRIBUTION, ETC.
Name of publisher, distributor, etc. D C BOOKS
Place of publication, distribution, etc. KOTTAYAM
Date of publication, distribution, etc. 1993
630 ## - SUBJECT ADDED ENTRY--UNIFORM TITLE
General subdivision GENERAL STACK
650 ## - SUBJECT ADDED ENTRY--TOPICAL TERM
Topical term or geographic name entry element History & geography
942 ## - ADDED ENTRY ELEMENTS (KOHA)
Koha item type BOOK
Holdings
Withdrawn status Lost status Source of classification or shelving scheme Damaged status Not for loan Home library Current library Date acquired Cost, normal purchase price Total Checkouts Full call number Barcode Shelving location Date last seen Price effective from Koha item type
    Dewey Decimal Classification     SB LIBRARY SB LIBRARY 09/11/2021 100.00   900 NAY-D 089788 GENERAL STACK 09/11/2021 09/11/2021 BOOK

Powered by Koha